New applications can boost demand for NR (Record no. 51126)

MARC details
000 -LEADER
fixed length control field 00410nam a2200157Ia 4500
100 ## - MAIN ENTRY--AUTHOR NAME
Personal name Gopalakrishnan K.S.
245 #0 - TITLE STATEMENT
Title New applications can boost demand for NR
260 ## - PUBLICATION, DISTRIBUTION, ETC. (IMPRINT)
Name of publisher Rubber Asia
Year of publication 2000
300 ## - PHYSICAL DESCRIPTION
Number of Pages 109-111
650 ## - SUBJECT ADDED ENTRY--TOPICAL TERM
Topical Term Canal lining
650 ## - SUBJECT ADDED ENTRY--TOPICAL TERM
Topical Term Engineering application
650 ## - SUBJECT ADDED ENTRY--TOPICAL TERM
Topical Term Natural rubber
650 ## - SUBJECT ADDED ENTRY--TOPICAL TERM
Topical Term Rubberized road
942 ## - ADDED ENTRY ELEMENTS (KOHA)
Koha item type Bibliography STAF
Holdings
Withdrawn status Lost status Damaged status Not for loan Home library Current library Shelving location Date acquired Serial Enumeration / chronology Koha item type
      Bibliography RRII Library RRII Library Rubber general 09/04/2014 Volume 14, Issue 3 Bibliography STAF